A nő mássága a nő identitása?

Elmentve itt :
Bibliográfiai részletek
Szerző: Kiczková, Zuzana
Adatforrás:Philobibl
Forrásdokumentuma:KalligraM 4
1995/7-8., 37-48. p.
Dokumentumtípus: Cikk
Nyelv:magyar
Kulcsszavak:feminizmus
LEADER 00355nab a2200121 c 4500
001 bibDOK00005477
005 20200924120137.9
008 060518s1995 xo hun
100 1 |a Kiczková, Zuzana 
245 1 2 |a A nő mássága a nő identitása?  |c Kiczková, Zuzana 
500 |a Adamica Zorán (ford.) 
695 |a feminizmus 
773 0 |t KalligraM 4  |g 1995/7-8., 37-48. p.